000 00888nam a2200289 i 4500
001 000047598
003 OSt
005 20240530073924.0
007 ta
008 180704s2017 dr 000 spa d
020 _a9789945609059
040 _aDO-SdBNP
_bspa
_cBNPHU
_erda
082 4 _aRD863.44
_bG934a
_222
100 1 _aGuerrero, Laureano,
_d1952-
_977343
245 1 0 _aAmores extraños /
_cLaureano Guerrero.
264 _aSanto Domingo :
_bSantuario,
_c2017
300 _a184 páginas ;
_c24 cm.
336 _2rdacontent
_atexto
_btxt
337 _2rdamedia
_asin mediación
_bn
338 _2rdacarrier
_avolumen
_bnc
500 _aIncluye datos biográficos del autor en la solapa de la cubierta.
590 _aInventariado,2018/DG
650 0 _aNovela dominicana
_9223
650 4 _aLiteratura dominicana
910 _aValidado. Control de calidad MFF
942 _2ddc
_cLBS1
999 _c47086
_d47086